000 00692nam a2200241Ia 4500
005 20260429111932.0
008 260429s9999||||xx |||||||||||||| ||und||
020 _a9789359786391
041 _aEnglish
082 _a294.543
_bSIN
100 _aSingh Vikram
245 0 _aYoga texts - I :
_bprincipal Upanishads, bhagavad gita and yoga Vasishta /
_cSingh Vikram
250 _a1st ed.
260 _aNew Delhi :
_bFriends Publications (India),
_c2024.
300 _a304 p.; pbk
440 _aInstant notes on yoga 2
650 _a Bhagavad Gita
650 _a Hindu sacred texts
650 _a Yoga philosophy
650 _aUpanishads
700 _a Joshi, Navdeep
942 _cTB
999 _c51503
_d51503